Dynamical systems with applications using mathematica

Αποθηκεύτηκε σε:
Λεπτομέρειες βιβλιογραφικής εγγραφής
Κύριος συγγραφέας: Lynch, Stephen 1964-
Μορφή: Βιβλίο
Γλώσσα:English
Δημοσίευση: Boston, Mass : Birkhauser, c2007
Θέματα:
Ετικέτες: Προσθήκη ετικέτας
Δεν υπάρχουν, Καταχωρήστε ετικέτα πρώτοι!

MARC

LEADER 00000nam a2200000 i 4500
001 1/91885
008 080807s2007 eng d
020 |a 978-0-8176-4482-6 
035 |l 10099384 
040 |a GR-MY-UA  |b gre  |e aacr 
041 0 |a eng 
082 0 |a 515.39  |2 (22) 
100 1 |a Lynch, Stephen  |d 1964- 
245 1 0 |a Dynamical systems with applications using mathematica /  |c Stephen Lynch 
260 |a Boston, Mass :   |b Birkhauser,   |c c2007 
300 |a xv, 484 σ.;  |b εικ.;  |c 24 εκ. 
504 |a Περιέχει βιβλιογραφικές παραπομπές και ευρετήριο 
650 0 0 |a Mathematica (Computer program language) 
650 0 0 |a Differentiable dynamical systems  |x Data processing. 
852 |a INST  |b LESVOS  |e 20080807  |h 515.39 LYN  |p 005100041948  |q 005100041948  |t BK  |y 0 
901 |a BIBL1-2008-2 
909 |a Λ  |b 143758 
922 |a 1ΕΛΗ  |b 200712  |c ΕΠΕΑΕΚ2/ΤΕΘ  |d ΕΛΕΥΘΕΡΟΥΔΑΚΗΣ 
970 |a ΚΑΡΑ  |b ΓΙΑΣΕΜΗ  |z 2008/08/07